000
00305nam a2200121Ia 4500
008
191201s2011 xx 000 0 und d
100
_a
STALLINGS, William
245
0
_a
Computer Organization and Architecture
250
_a
IMP 2nd
260
_c
2011
_b
pearson
_a
NEW DELHI
300
_a
792
942
_2
ddc
_c
BK
999
_c
7772
_d
7772